| 000 | 01309cam a22001814a 4500 | ||
|---|---|---|---|
| 005 | 20250605164354.0 | ||
| 008 | 250528s ||||||||||||||||||||||||d | ||
| 035 | _a24228 | ||
| 040 |
_aGR-AtMCL _bgre _dGR-AtMCL _eAACR2 |
||
| 245 | 1 | _aΈνατο Αφιέρωμα στην Ηπατολογία | |
| 260 |
_bΥγεία, _c2019 |
||
| 300 | _a36 | ||
| 520 | _aΚληρονομικά Νοσήματα του Ήπατος, Κρίσιμα Ερωτήματα στη Θεραπεία της Χρόνιας Ιογενούς Ηπατίτιδας, Η Σύγχρονη Διαγνωστική και η Επεμβατική Ακτινολογία στο Νοσήματα του Ήπατος, Επεμβατική Ακτινολογία στα Νοσήματα του Ήπατος, Αυτοάνοση Ηπατίτιδα, Αυτοάνοση Ηπατίτιδα σήμερα: Κλινική Εμφάνιση και Διαγνωστική Τακτική, Ιστολογική Διάγνωση της Αυτοάνοσης Ηπατίτιδας, Θεραπέια Αυτοάνοσης Ηπατίτιδας, Εμβολιασμοί σε Ασθενείς με Χρόνια Ηπατοπάθεια. | ||
| 700 | 1 |
_aΑποστολάκης Ιωάννης _99425 |
|
| 942 | _cCR | ||
| 999 |
_c9121 _d9121 |
||